ISC Computer Science Class 11/ (Record no. 207922)

MARC details
000 -LEADER
fixed length control field 00584nam a22002057a 4500
005 - DATE AND TIME OF LATEST TRANSACTION
control field 20241224120624.0
010 ## - LCCN (DPL NO)
LC control number ENG-143147
020 ## - INTERNATIONAL STANDARD BOOK NUMBER
International Standard Book Number 9789364682756
Terms of availability 555.00
035 ## - SYSTEM CONTROL NUMBER
System control number EN-126679
037 ## - SOURCE OF ACQUISITION
Source of stock number/acquisition DBAD
082 ## - DEWEY DECIMAL CLASSIFICATION NUMBER
Classification number 004
100 ## - MAIN ENTRY--PERSONAL NAME
Personal name Mehrotra, Dheeraj
245 ## - TITLE STATEMENT
Title ISC Computer Science Class 11/
Statement of responsibility, etc By Dheeraj Mehrotra
250 ## - EDITION STATEMENT
Edition statement 1
260 ## - PUBLICATION, DISTRIBUTION, ETC. (IMPRINT)
Name of publisher, distributor, etc S. Chand School Books
Place of publication, distribution, etc Uttar Pradesh
Date of publication, distribution, etc 2025
270 ## - ADDRESS
Address D-92, Sector-2, Noida
City Uttar Pradesh
Postal code 201301
300 ## - PHYSICAL DESCRIPTION
Extent 394p.
Dimensions 23cm(pb)
500 ## - GENERAL NOTE
General note 2026 Syllabus
942 ## - ADDED ENTRY ELEMENTS (KOHA)
Source of classification or shelving scheme Dewey Decimal Classification
Item type English Books
Classification part 004
Call number suffix MEH
Holdings
Withdrawn status Lost status Not for loan Collection code Home library Current library Date acquired Source of acquisition Cost, normal purchase price Full call number Barcode Copy number Cost, replacement price Koha item type
      Non-fiction Central Library Central Library 24/12/2024 Delivery of Books Division 555.00 004 MEH EN-126679 1 555.00 English Books

© Delhi Public Library
Hit Counter
free hit counter